Statystyki dla Państwa, gdzie jest najwięcej narciarstwa zjazdowego

Kliknij tutaj aby rozwiązać quiz!

Ogólne statystyki

  • Ten quiz został rozwiązany 19 822 razy
  • Średni wynik to 16 z 20

Statystyki odpowiedzi

kmKraj% Poprawnych
457Polska
96%
372Rosja
94%
11 404Stany Zjednoczone
94%
1 406Niemcy
92%
10 229Francja
91%
3 924Kanada
91%
7 214Austria
90%
935Norwegia
89%
6 020Włochy
89%
7 209Szwajcaria
88%
1 058Szwecja
88%
334Finlandia
85%
474Słowacja
85%
664Czechy
84%
1 133Hiszpania
74%
2 133Japonia
72%
350Chile
51%
364Argentyna
50%
454Australia
50%
521Nowa Zelandia
36%

Rozkład punktacji

Percentyl według liczby udzielonych odpowiedzi

Procent ludzi z każdym wynikiem

Twoja historia wyników

Nie rozwiązałeś tego quizu